All time India Cricket XI - Statistics

General Stats
  • This quiz has been taken 2,180 times
  • The average score is 7 of 11
Answer Stats
Hint Answer % Correct
Batsmen/Part timer Sachin Tendulkar
95%
Wicketkeeper MS Dhoni
93%
All Rounder Kapil Dev
80%
Batsmen Rahul Dravid
78%
Batsmen Sunil Gavaskar
68%
Bowler Anil Kumble
67%
Batsmen Verinder Sehwag
66%
Batsman/Part timer Sourav Ganguly
62%
Bowler Harbhajan Singh
55%
Bowler Javagal Srinath
34%
All Rounder Vinoo Mankad
8%
No matching quizzes found
Score Distribution
Percent of People with Each Score
Percentile by Number Answered
Your Score History
You have not taken this quiz